00646nam a22002057a 450000500170000001000170001702000230003402000260005703500170008303700190010008200060011910000200012524500680014526000370021327000560025030000300030649000470033650000450038365000120042820111219165642.0 aB-482030-039 a8181466535c200.00 a9788181466532c200.00 aB-482030-039 bBlue Berry/Ven aS aAnjali Raghbeer aMy name is Amrita... born to be an artist /cby Anjali Raghbeer aChennaibTulika Publishersc2011 a13, Prithvi Avenue, AbhiramaourambChennaie600 018 aunpagedbill.c23cm(pbk)  aLooking at art; edited by Amrita Sher-Gil  ainspired by the diaries of young Amrita  aStories